000 00825 a2200217 4500
001 62808
005 20260407155922.0
008 260407a1988 arg spa d
003 AR-UNSa-BCEJYS
040 _aAR-UNSa-BCEJYS
_bspa
_cAR-UNSa-BCEJYS
080 _a35.08
_xPersonal administrativo. Funcionarios. plantilla. función pública. Teoría, organización
245 1 0 _aLa experiencia de la evaluación de puestos de trabajo en la administración española
_pAplicaciones prácticas de los resultados obtenidos
020 _a978-84-7088-475-7
264 1 _aMadrid :
_bInstituto Nacional de Administración Pública (INAP)
_c1988
300 _a110 p.
_c24 cm.
041 _aspa
942 _cBK
590 _aniveau_biblio:m niveau_hierar:0
100 1 _aGutierrez Reñon, Alberto
700 1 _aLabrado Fernandez, Manuel
999 _c7818
_d7818